Terraria Calamity Bosses - Statistics

General Stats
  • This quiz has been taken 1,477 times
    1,350 since last reset
  • The average score is 18 of 28
Answer Stats
Hint Answer % Correct
Hive of Corruption Hive Mind
89%
Worm of the Former Seas Desert Scourge
87%
Primordial Deity of Gelatin Slime God
87%
An Imperfect Replica of the Witch Calamitas
85%
Fungal Infested Decapod Crabulon
83%
Behemoth of the Ocean Leviathan
75%
The Loyal Dragon of the Tyrant Yharon
74%
Mutated Worm of the Sulphurous Sea Aquatic Scourge
72%
Scourge of the Cosmos Devourer of Gods
71%
Former Idol of the Underworld Brimstone Elemental
70%
The Goddess of the Sun Providence
67%
A Shattered Heavenly Serpent Astrum Deus
65%
The Twisted Water Elemental Anahita
64%
Imprisonment of an Archmage Cryogen
63%
The True Cursed Witch Supreme Calamitas
63%
Another Mutated Terror of the Sea Old Duke
60%
Necromantic Golem of Destruction Ravager
60%
Servants of a Profaned Deity Profaned Guardians
57%
Astral Infected Machinery Astrum Aureus
56%
Visceral Conglomeration Perforators
56%
Envoy of the Sentinels Signus
55%
Worm of the Sentinels Storm Weaver
53%
Void of the Sentinels Ceaseless Void
51%
An Uncontained Pestilence Plaguebringer Goliath
51%
A Failure in Cloning Dragonfolly
48%
Revengeance of Tortured Souls Polterghast
48%
Perfected Calculations Draedon
36%
Threat from Deep Below the Sea Adult Eidolon Wyrm
26%
No matching quizzes found
Score Distribution
Percent of People with Each Score
Percentile by Number Answered
Your Score History
You have not taken this quiz since the last reset